000 00365 a2200169 4500
001 73054
020 _a8526253603
040 _cAnchieta - Colégio São Paulo
100 _aClaro, Majori
240 1 0 _aA conspiração
_lpor
245 1 0 _aA conspiração
300 _a88
362 0 _a2004
440 1 _aScipione
650 4 _aLiteratura juvenil
942 _cBK
999 _c73054
_d73054